|
|
|
|
| LEADER |
00000nam0a2200000 4500 |
| 001 |
358339 |
| 005 |
20231102011101.0 |
| 035 |
|
|
|a (RuTPU)RU\TPU\retro\15607
|
| 035 |
|
|
|a RU\TPU\book\345774
|
| 090 |
|
|
|a 358339
|
| 100 |
|
|
|a 20200814d1842 k y0rusy50 ca
|
| 101 |
1 |
|
|a rus
|b ger
|c eng
|
| 102 |
|
|
|a RU
|
| 105 |
|
|
|a a z 001zy
|
| 200 |
1 |
|
|a Механика или руководство к оценке и употреблению машин и движущих сил
|f Менсинг
|g пер. с англ. на нем. Менсингом, и с нем. на рус. по приказ. г-на Министра финансов
|
| 210 |
|
|
|a Санкт-Петербург
|c В типографии Экспедиции заготовления государственных бумаг
|d 1842
|
| 215 |
|
|
|a III, II, 87 с.
|c 6 л. ил.
|
| 300 |
|
|
|a Текст в русской дореформенной орфографии
|
| 316 |
|
|
|5 63413507: 32//38
|a На авантитуле подпись: "И. [Максимов]"
|
| 316 |
|
|
|5 63413507: 32//38
|a На титульном листе дарственная надпись: "От Барнаульской библиотеки бесплатно"
|
| 316 |
|
|
|5 63413507: 32//38
|a На форзаце экслибрис библиотеки ТТИ
|
| 316 |
|
|
|5 63413507: 32//38
|a На форзаце и титульном листе надпись: "Ка[нрзб]"
|
| 316 |
|
|
|5 63413507: 32//38
|a На с. 1 экслибрис БКБ
|
| 317 |
|
|
|5 63413507: 32//38
|a Поступил в НТБ в 1903 г. в дар от Начальника Алтайского Горного округа в Барнауле А. Ф. Кублицкого-Пиоттух
|
| 606 |
1 |
|
|a Механика машин
|2 stltpush
|3 (RuTPU)RU\TPU\subj\43572
|9 63059
|
| 610 |
1 |
|
|a владельческая надпись
|
| 610 |
1 |
|
|a дарственные надписи
|
| 610 |
1 |
|
|a дары библиотеке
|
| 610 |
1 |
|
|a коллекция Колывано-Воскресенских заводов
|
| 610 |
1 |
|
|a владельческие знаки
|
| 610 |
1 |
|
|a рычаги
|
| 610 |
1 |
|
|a ворота
|
| 610 |
1 |
|
|a колеса
|
| 610 |
1 |
|
|a валы
|
| 610 |
1 |
|
|a блоки
|
| 610 |
1 |
|
|a наклонные плоскости
|
| 610 |
1 |
|
|a механические соединения
|
| 610 |
1 |
|
|a расход
|
| 610 |
1 |
|
|a запасы
|
| 610 |
1 |
|
|a препятствия
|
| 610 |
1 |
|
|a движители
|
| 675 |
|
|
|a 621.01:531
|v 4
|
| 700 |
|
1 |
|a Менсинг
|
| 702 |
|
1 |
|a Менсинг
|4 730
|
| 801 |
|
1 |
|a RU
|b 63413507
|c 20160629
|
| 801 |
|
2 |
|a RU
|b 63413507
|c 20201006
|g RCR
|
| 942 |
|
|
|c BK
|